000 01196nam a2200313 a 4500
001 000115754
003 CHAP
005 20230315113052.0
008 190702s2019 mx | |sm |||||||spa d
010 _a112215
011 _a113187
040 _cCHAP
090 _aTesis
100 1 _aToral Francisco, Mauricio.
_9136352
245 1 0 _aComportamiento productivo del trébol pata de pájaro (Lotus corniculatus L.) en la región templada de Texcoco Edo. de México
_h[En línea]
_cpor Mauricio Toral Francisco.
260 _aChapingo, Méx. :
_bEl autor,
_c2019.
500 _aPara ver el contenido del material haga clic en la liga
502 _aTesis (Ing. Agr. Esp. en Zootecnia) -- UACH. Departamento de Zootecnia
590 _aBATCH-UPD
_b05
_c20190702
_lUCH01
_h1120
590 _aE6337LMJ
_b05
_c20190702
_lUCH01
_h1119
590 _aE6337LMJ
_b05
_c20190702
_lUCH01
_h1120
650 1 2 _aLotus corniculatus
_xFisiología y morfología
_9132350
650 1 4 _aLotus corniculatus
_xGenética.
_9134715
650 1 4 _aLotus corniculatus
_xRendimiento.
_9132379
856 _aFinding aid
_uhttp://10.13.5.2/tesis/sist115754.pdf
_zTeclea aquí
901 _aBK
942 _cTESIS
942 _n0
999 _c112215
_d112215